| 000 | 00590cam a22002291i 4500 | ||
|---|---|---|---|
| 001 | he 66000606 | ||
| 003 | DLC | ||
| 005 | 20260227111437.0 | ||
| 008 | 860228s1966 is 000 1 yid | ||
| 010 | _ahe 66000606 | ||
| 035 | _a(OCoLC)13212207 | ||
| 040 |
_aDLC _cWM _dCU _dDLC |
||
| 042 | _apremarc | ||
| 050 | 0 | 0 |
_aPJ5129.H526 _bR2 |
| 100 | 1 | _aHofer, Jechiel. | |
| 245 | 1 | 0 |
_aR. Tanḥum / _cYeḥiʼel Hofer. |
| 260 |
_aTel Aviv : _bI.L. Peretz, _c1966. |
||
| 300 |
_a218 p. ; _c22 cm. |
||
| 500 | _aAdded t.p.: Reb Tanchum. | ||
| 740 | 0 | _aReb Tanchum. | |
| 740 | 0 | _aReb Tanḥum. | |
| 999 |
_c31637 _d31637 |
||